| 000 | 00711nam a22001937a 4500 | ||
|---|---|---|---|
| 008 | 090708t xxu||||| |||| 00| 0 eng d | ||
| 020 | _a9780194370875 | ||
| 082 |
_a418 _bLAR |
||
| 100 | 1 |
_aLaroy, Clement. _97770 |
|
| 245 |
_aPronunciation / _cClement Laroy. |
||
| 260 |
_aOxford : _bOxford University Press, _cc1995. |
||
| 300 |
_a135 p. : _bill. ; _c25 cm. |
||
| 490 | 0 | _aResource books for teachers ; | |
| 504 | _aIncludes bibliographical references and index. | ||
| 650 | 0 |
_aEnglish language _xPronunciation. _97771 |
|
| 650 | 0 |
_aPronunciation. _97772 |
|
| 942 |
_2ddc _cBB |
||
| 999 |
_c12258 _d12258 |
||